<?xml version="1.0" encoding="UTF-8"?>
<record
    xmlns:xsi="http://www.w3.org/2001/XMLSchema-instance"
    xsi:schemaLocation="http://www.loc.gov/MARC21/slim http://www.loc.gov/standards/marcxml/schema/MARC21slim.xsd"
    xmlns="http://www.loc.gov/MARC21/slim">

  <leader>01380nam a22003017a 4500</leader>
  <datafield tag="952" ind1=" " ind2=" ">
    <subfield code="0">0</subfield>
    <subfield code="1">0</subfield>
    <subfield code="4">0</subfield>
    <subfield code="7">0</subfield>
    <subfield code="a">09</subfield>
    <subfield code="b">09</subfield>
    <subfield code="d">2018-10-04</subfield>
    <subfield code="l">0</subfield>
    <subfield code="o">HF1009.5 C9518 2013</subfield>
    <subfield code="p">09 004987</subfield>
    <subfield code="r">2018-10-04</subfield>
    <subfield code="t">1</subfield>
    <subfield code="w">2018-10-04</subfield>
    <subfield code="y">LB</subfield>
  </datafield>
  <datafield tag="952" ind1=" " ind2=" ">
    <subfield code="0">0</subfield>
    <subfield code="1">0</subfield>
    <subfield code="4">0</subfield>
    <subfield code="7">0</subfield>
    <subfield code="a">07</subfield>
    <subfield code="b">07</subfield>
    <subfield code="d">2018-10-25</subfield>
    <subfield code="l">0</subfield>
    <subfield code="o">HF1009.5 C9518 2013</subfield>
    <subfield code="p">07 006488</subfield>
    <subfield code="r">2018-10-25</subfield>
    <subfield code="t">1</subfield>
    <subfield code="w">2018-10-25</subfield>
    <subfield code="y">LB</subfield>
  </datafield>
  <datafield tag="952" ind1=" " ind2=" ">
    <subfield code="0">0</subfield>
    <subfield code="1">0</subfield>
    <subfield code="2">lcc</subfield>
    <subfield code="4">0</subfield>
    <subfield code="7">0</subfield>
    <subfield code="a">22</subfield>
    <subfield code="b">22</subfield>
    <subfield code="d">2018-11-09</subfield>
    <subfield code="l">14</subfield>
    <subfield code="o">HF1009.5 C9518 2013</subfield>
    <subfield code="p">06 004110</subfield>
    <subfield code="r">2020-03-14</subfield>
    <subfield code="s">2020-03-14</subfield>
    <subfield code="t">1</subfield>
    <subfield code="w">2018-11-09</subfield>
    <subfield code="y">LB</subfield>
  </datafield>
  <datafield tag="952" ind1=" " ind2=" ">
    <subfield code="0">0</subfield>
    <subfield code="1">0</subfield>
    <subfield code="4">0</subfield>
    <subfield code="7">0</subfield>
    <subfield code="a">01</subfield>
    <subfield code="b">01</subfield>
    <subfield code="d">2018-12-17</subfield>
    <subfield code="l">0</subfield>
    <subfield code="o">380.1 C858m 2013</subfield>
    <subfield code="p">01 014734</subfield>
    <subfield code="r">2018-12-17</subfield>
    <subfield code="t">1</subfield>
    <subfield code="w">2018-12-17</subfield>
    <subfield code="y">LB</subfield>
  </datafield>
  <datafield tag="999" ind1=" " ind2=" ">
    <subfield code="c">103423</subfield>
    <subfield code="d">103423</subfield>
  </datafield>
  <controlfield tag="005">20231102152055.0</controlfield>
  <controlfield tag="008">120625s2013    mx adb        001 0 spa d</controlfield>
  <datafield tag="020" ind1=" " ind2=" ">
    <subfield code="a">9786074819489</subfield>
  </datafield>
  <datafield tag="020" ind1=" " ind2=" ">
    <subfield code="a">6074819483</subfield>
  </datafield>
  <datafield tag="050" ind1="0" ind2="4">
    <subfield code="a">HF1009.5</subfield>
    <subfield code="b">C9518 2013</subfield>
  </datafield>
  <datafield tag="082" ind1=" " ind2=" ">
    <subfield code="a">380.1</subfield>
    <subfield code="b">C858m</subfield>
  </datafield>
  <datafield tag="100" ind1="1" ind2=" ">
    <subfield code="a">Czinkota, Michael R.</subfield>
    <subfield code="e">autor</subfield>
  </datafield>
  <datafield tag="240" ind1="1" ind2="0">
    <subfield code="a">International marketing</subfield>
    <subfield code="l">Espa&#xF1;ol</subfield>
  </datafield>
  <datafield tag="245" ind1="1" ind2="0">
    <subfield code="a">Marketing internacional</subfield>
    <subfield code="c">/ Michael R. Czinkota y Ilkka A. Ronkainen ; traduccion Guadalupe Meza y Staines, Magda Elizabeth Trevi&#xF1;o Rosales</subfield>
  </datafield>
  <datafield tag="250" ind1=" " ind2=" ">
    <subfield code="a">10a edici&#xF3;n</subfield>
  </datafield>
  <datafield tag="260" ind1=" " ind2=" ">
    <subfield code="a">M&#xE9;xico : </subfield>
    <subfield code="b"> : Cengage Learning</subfield>
    <subfield code="c">, 2013</subfield>
  </datafield>
  <datafield tag="300" ind1=" " ind2=" ">
    <subfield code="a">xxxii, 680 p&#xE1;ginas</subfield>
    <subfield code="b">: ilustraciones, gr&#xE1;ficas, mapas</subfield>
  </datafield>
  <datafield tag="500" ind1=" " ind2=" ">
    <subfield code="a">Incluye:  &#xED;ndice de nombres e &#xED;ndice tem&#xE1;tico </subfield>
  </datafield>
  <datafield tag="505" ind1="2" ind2=" ">
    <subfield code="a">El entorno del marketing internacional
C&#xF3;mo encontrar clientes global
La mezcla del marketing global
Liderazgo en el marketing Global</subfield>
  </datafield>
  <datafield tag="519" ind1=" " ind2=" ">
    <subfield code="a">Material Complementario / </subfield>
    <subfield code="b">Negocios Internacionales /</subfield>
    <subfield code="d">(09 004987)</subfield>
  </datafield>
  <datafield tag="519" ind1=" " ind2=" ">
    <subfield code="a">Material Complementario / </subfield>
    <subfield code="b">Negocios Internacionales /</subfield>
    <subfield code="d">(07 006488)</subfield>
  </datafield>
  <datafield tag="519" ind1=" " ind2=" ">
    <subfield code="a">Material Complementario / </subfield>
    <subfield code="b">Negocios Internacionales /</subfield>
    <subfield code="d">(06 004111)</subfield>
  </datafield>
  <datafield tag="519" ind1=" " ind2=" ">
    <subfield code="a">Material Complementario /</subfield>
    <subfield code="b">Negocios Internacionales /</subfield>
    <subfield code="d">(01 014734)</subfield>
  </datafield>
  <datafield tag="650" ind1="1" ind2="4">
    <subfield code="a">MERCADO DE EXPORTACI&#xD3;N</subfield>
  </datafield>
  <datafield tag="700" ind1="1" ind2=" ">
    <subfield code="a">Ronkainen, Ilkka A.</subfield>
    <subfield code="e">autora</subfield>
  </datafield>
  <datafield tag="700" ind1="1" ind2=" ">
    <subfield code="a">Meza y Staines, Ma. Guadalupe</subfield>
    <subfield code="e">traductor</subfield>
  </datafield>
  <datafield tag="942" ind1=" " ind2=" ">
    <subfield code="c">LB</subfield>
  </datafield>
</record>
